Mystery Taylor Swift Song #136 - Statistics

General Stats
  • This quiz has been taken 209 times
  • The average score is 61 of 129
Answer Stats
Song % Correct
I
93%
a
91%
Speak Now
89%
you
88%
me
87%
(the
87%
the
87%
an
85%
to
85%
be
82%
your
82%
And
81%
in
81%
it
80%
is
79%
my
79%
love
78%
this
75%
All
74%
I'm
73%
no
73%
on
73%
It's
72%
know
71%
of
71%
that
69%
ever
68%
for
67%
time)
67%
time
67%
back
66%
could
64%
like
63%
mine
63%
with
63%
(just
62%
Just
62%
just
62%
'Cause
61%
I've
61%
not
61%
was
60%
now
59%
one
59%
see
59%
wanna
59%
electric
58%
(oh)
58%
touch
58%
want
58%
got
57%
heart
57%
life
55%
or
55%
up
55%
break
54%
out
53%
bring
52%
Electric Touch
51%
been
47%
every
45%
look
45%
either
44%
get
43%
feeling
42%
first
42%
won't
42%
things
41%
need
39%
heat
38%
right)
38%
right
38%
breathe
37%
going
37%
takes
37%
Maybe
36%
forever
35%
hanging
35%
it'll
35%
relax
35%
thinking
35%
'til
35%
okay
34%
car's
33%
driveway
33%
hour
33%
town
33%
alone
32%
call
32%
Still
31%
tonight
31%
ghost
30%
badly
29%
history
29%
moment's
29%
money
29%
stars
29%
align
28%
fill
28%
two
28%
ending
27%
fell
27%
hard
27%
sadly
27%
hoping
25%
stories
25%
trying
25%
headlights
24%
tried
24%
apart
23%
space
23%
8:05
21%
along
21%
calling
21%
left
21%
phone
21%
sleeping
21%
used
21%
while
21%
fire
20%
lost
20%
burn
19%
decide
19%
gotten
19%
grown
19%
accustomed
17%
string
17%
pining
16%
rain
16%
No matching quizzes found
Score Distribution
Percent of People with Each Score
Percentile by Number Answered
Your Score History
You have not taken this quiz